Syntéza a realizácia zložitých číslicovývh obvodov s využitím FPGa XILINX : Diplomová práca

Salvato in:
Dettagli Bibliografici
Autore principale: Oravec, Mário (Autore)
Altri autori: Kulla, Peter, 1949- (Relatore della tesi)
Natura: Manoscritto Libro
Lingua:slovacco
Pubblicazione: Bratislava : STU v Bratislave FEI, 2000
Soggetti:
Tags: Aggiungi Tag
Nessun Tag, puoi essere il primo ad aggiungerne!!

MARC

LEADER 00000ntm a22000003a 4500
001 stu54863
005 20160719164852.2
008 000822s2000----xo------------------slo-d
040 |a STU  |b slo 
041 0 |a slo 
044 |a xo 
100 1 |a Oravec, Mário  |4 aut 
245 1 |a Syntéza a realizácia zložitých číslicovývh obvodov s využitím FPGa XILINX :  |b Diplomová práca 
260 |a Bratislava :  |b STU v Bratislave FEI,  |c 2000 
300 |a 82 s 
650 7 |a elektronika  |2 stusub 
700 1 |a Kulla, Peter,  |d 1949-  |4 ths  |u E030  |U FEI Fakulta elektrotechniky a informatiky  |T FEI Ústav elektroniky a fotoniky  |X 1984  |U E030  |Y 549  |7 A000001984